Polscy Youtuberzy na karcie na czasie (luty2023-luty2024) - Statystyki

Ogólne statystyki
  • Ten quiz został rozwiązany 49 razy
  • Średni wynik to 8 z 130
Statystyki odpowiedzi
Miejsce Youtuber Miejsca na Karcie % Poprawnych
22. Blowek 5-6-7
59%
4. WERSOW 21-13-21
57%
21. EKIPA 5-10-9
48%
14. GENZIE 7-7-2
48%
2. Karol Friz Wiśniewski 35-20-21
37%
Gimper
35%
15. reZigiusz 7-4-16
35%
67. Tromba 1-0-0
35%
10. Konopskyy 9-3-3
28%
106. MURCIX 0-0-1
28%
1. Budda. TV 37-16-13
26%
7. Fausti 11-8-7
24%
53. Hi Hania 1-2-4
24%
13. MORTALCIO 7-12-8
24%
8. Kartonii 9-6-14
20%
3. GOATS 33-21-12
17%
60. przemek pro 1-1-2
17%
6. Sejm RP 12-16-9
15%
Fusialka
13%
Julia Żugaj
13%
5. Kanał Sportowy 17-15-13
13%
71. MrBeast 0-5-3
13%
ojwojtek
11%
79. Palion 0-2-4
11%
FAGATA
9%
Mata
9%
73. Monika Kociołek 0-4-1
9%
25. ReTo 4-1-4
9%
11. Smolasty 9-0-2
9%
Andziaks
7%
39. Marcin Dubiel 2-9-1
7%
Polsat
7%
QRY
7%
36. sanah 3-2-1
7%
Zeamsone
7%
Admiros
4%
50. Bart Kubicki 1-3-3
4%
Bungee
4%
17. CLOUT MMA 6-5-0
4%
98. Dawid Podsiadło 0-0-6
4%
Doda
4%
74. SBM Label 0-3-2
4%
Sławomir Mentzen
4%
70. Taco Hemingway 0-6-1
4%
80. TVP Sport 0-2-3
4%
102. WarszawskiKoks 0-0-2
4%
23. WeszłoTV 5-0-0
4%
110%
2%
9. 2020 9-4-3
2%
89. 2115 GANG 0-1-3
2%
Blanka
2%
Dominik Rupiński
2%
34. Duży Chłopiec 3-3-2
2%
28. Edzio 3-11-6
2%
85. Eurosport Polska 0-2-0
2%
glencu
2%
33. GUGU 3-3-3
2%
18. HIGH League 6-3-3
2%
24. Lexy Chaplin 4-6-6
2%
Mortalcio PLUS
2%
46. Ospanno 2-0-1
2%
SmileSlow
2%
38. WHITE WIDOW 3-1-2
2%
AGBE Official
0%
91. Agnieszka Grzelak Beauty 0-1-1
0%
Agnieszka Grzelak Vlog
0%
64. AMBASADA 1-1-0
0%
AroSzef
0%
75. BORCREW OFFICIAL 0-3-1
0%
99. BORKOŚ 0-0-3
0%
Celine Dept
0%
88. CiemnaStrefa 0-1-5
0%
59. Czasin 1-1-5
0%
DaveHax
0%
72. David Kushner 0-5-1
0%
DAZN Boxing
0%
didaskalia
0%
43. Disco Polo Lajf 2-1-1
0%
Dizowskyy
0%
DOPEHOUSE RECORDS
0%
16. Eurovision Song Contest 7-2-2
0%
57. Frosty 1-2-0
0%
Globalista - Oskar Bednarski
0%
44. Godface Killa 2-1-0
0%
Jacob
0%
45. JUSTEK FREESTYLE 2-0-3
0%
Kacper Ruciński
0%
35. kalwiremiofficial 3-3-0
0%
KayaxTV
0%
29. Klaudia Bieszcz 3-9-1
0%
83. Kubańczyk 0-2-2
0%
LALIGA EA Sports
0%
42. LaLiga Santander 2-4-1
0%
League of Legends
0%
30. Lesław Dzik 3-7-2
0%
Liverpool FC
0%
54. Łukasz Lotek Lodkowski 1-2-1
0%
Magda Kubicka
0%
32. Marley and Kuba 3-4-12
0%
Matlane
0%
Menelaos Official
0%
20. MeskieGranie 6-0-0
0%
48. Millo 1-3-5
0%
65. Miłośnicy czterech kółek -zrób to sam 1-0-1
0%
MiłyPan Official
0%
Moya Label
0%
MY TO SUKCES
0%
Neo-Nówka TV OFICJALNY KANAŁ
0%
40. Netflix Polska 2-5-0
0%
95. Next Level Official 0-1-0
0%
19. Piękni i Młodzi Dawid Narożny 6-1-0
0%
41. przemekbestgames 2-4-2
0%
Qesek
0%
26. Rockstar Games 4-1-0
0%
SEKIELSKI
0%
SpaceX
0%
12. SPInkafilmstudio 8-15-15
0%
84. SylwiaGrzeszczak 0-2-1
0%
Szalony Podcast
0%
37. TechnoStrefa 3-2-0
0%
The Happy Family
0%
61. The Lions Cartel 1-1-1
0%
True Beauty
0%
TVN7
0%
TVN Series
0%
78. TVP Info 0-3-0
0%
27. TVP VOD 4-0-1
0%
31. Waksy Shorts 3-6-8
0%
51. YoshihitoMayoshe 1-3-1
0%
YOUNG MULTI & YFL
0%
Nie znaleziono quizów pasujących do podanych kryteriów
Rozkład punktacji
Procent ludzi z każdym wynikiem
Percentyl według liczby udzielonych odpowiedzi
Twoja historia wyników
Nie rozwiązałeś tego quizu